[Event "9th Sigeman & Co"]
[Site "Malmo SWE"]
[Date "2001.06.12"]
[Round "1"]
[White "Hansen, Curt"]
[Black "Berg, Emanuel"]
[Result "0-1"]
[WhiteElo "2619"]
[BlackElo "2474"]
[EventDate "2001.06.12"]
[PlyCount "128"]

1.Nf3 f5 2.g3 Nf6 3.Bg2 d6 4.d4 g6 5.b3 Bg7 6.Bb2 O-O 7.O-O Ne4 8.Nbd2 Nc6
9.c4 Nxd2 10.Qxd2 e5 11.dxe5 dxe5 12.Qd5+ Kh8 13.Qxd8 Rxd8 14.Ng5 Rd2 15.
Bc3 Rc2 16.Rfc1 Rxc3 17.Rxc3 e4 18.Rcc1 Bxa1 19.Rxa1 Kg7 20.Rd1 h6 21.Nh3 
g5 22.f3 e3 23.Kf1 f4 24.gxf4 Bxh3 25.Bxh3 gxf4 26.Ke1 Rd8 27.Rxd8 Nxd8 
28.Kd1 Nc6 29.Kc2 Nb4+ 30.Kb2 Kf6 31.a3 Nc6 32.Kc3 Ke5 33.b4 Nd4 34.Kd3 
Nb3 35.Kc3 Nd4 36.Kd3 b6 37.Bc8 Nb3 38.Kc2 Nd4+ 39.Kd3 c5 40.bxc5 bxc5 41.
Bh3 Nb3 42.Kc2 Nd4+ 43.Kd3 Nb3 44.Kc2 Nd2 45.Kc3 Kd6 46.Bg2 Kc7 47.Bh3 Kb6
48.Bf5 Ka5 49.Bd7 Nf1 50.Kd3 Nd2 51.Kc3 Kb6 52.Bh3 Kc7 53.Bg2 Kd6 54.Bh3 
Ke7 55.Bg2 Kf6 56.Bh3 Kg5 57.Bg2 Kh4 58.Kd3 Nb1 59.Ke4 Nxa3 60.Kxf4 Nc2 
61.Ke4 a5 62.Bf1 a4 63.Kd3 Nd4 64.Kc3 a3 0-1

[Event "9th Sigeman & Co"]
[Site "Malmo SWE"]
[Date "2001.06.12"]
[Round "1"]
[White "Sokolov, Ivan"]
[Black "Hector, Jonny"]
[Result "1/2-1/2"]
[WhiteElo "2659"]
[BlackElo "2546"]
[EventDate "2001.06.12"]
[PlyCount "67"]

1.d4 d5 2.c4 c6 3.Nf3 Nf6 4.Nc3 dxc4 5.a4 Bf5 6.e3 e6 7.Bxc4 Bb4 8.O-O 
Nbd7 9.Nh4 O-O 10.f3 Bg6 11.e4 e5 12.dxe5 Nxe5 13.Be2 Qb6+ 14.Kh1 Rad8 15.
Qc2 Qc5 16.Bf4 Nc4 17.Na2 Ne3 18.Qxc5 Bxc5 19.Rfc1 Bd4 20.Nc3 Nh5 21.Bg5 
f6 22.Nxg6 hxg6 23.Bxe3 Bxe3 24.Bc4+ Kh7 25.Rd1 a5 26.g3 g5 27.Kg2 g6 28.
Kf1 Bc5 29.Rac1 Rfe8 30.Bf7 Rf8 31.Ba2 Bb6 32.Ke2 Rfe8 33.Bf7 Rf8 34.Ba2 
1/2-1/2

[Event "9th Sigeman & Co"]
[Site "Malmo SWE"]
[Date "2001.06.12"]
[Round "1"]
[White "Timman, Jan"]
[Black "Gulko, Boris"]
[Result "1/2-1/2"]
[WhiteElo "2620"]
[BlackElo "2606"]
[EventDate "2001.06.12"]
[PlyCount "36"]

1.d4 e6 2.c4 Bb4+ 3.Bd2 a5 4.Qc2 d6 5.Nf3 Nc6 6.e4 e5 7.d5 Nb8 8.Bxb4 axb4
9.c5 Nf6 10.Bb5+ Bd7 11.Bd3 O-O 12.O-O Na6 13.Bxa6 Rxa6 14.Nbd2 c6 15.cxd6
cxd5 16.Nxe5 Bb5 17.Rfe1 Qxd6 18.exd5 Qxd5 1/2-1/2

[Event "9th Sigeman & Co"]
[Site "Malmo SWE"]
[Date "2001.06.13"]
[Round "2"]
[White "Cramling, Pia"]
[Black "Wedberg, Tom"]
[Result "1-0"]
[WhiteElo "2496"]
[BlackElo "2505"]
[EventDate "2001.06.12"]
[PlyCount "129"]

1.d4 Nf6 2.Nf3 e6 3.c4 c5 4.d5 d6 5.Nc3 exd5 6.cxd5 g6 7.h3 Bg7 8.e4 O-O 
9.Bd3 Nh5 10.O-O Nd7 11.Bg5 Bf6 12.Be3 Re8 13.Qd2 a6 14.a4 b6 15.Rfe1 Ra7 
16.g4 Ng7 17.Bf4 Ne5 18.Nxe5 Bxe5 19.Bxe5 dxe5 20.Qe3 f5 21.exf5 gxf5 22.
f4 Rae7 23.fxe5 Rxe5 24.Qg3 Rxe1+ 25.Rxe1 Rxe1+ 26.Qxe1 fxg4 27.Ne4 Nh5 
28.d6 gxh3 29.Bc4+ Kg7 30.Qc3+ Kg6 31.Qe5 Bf5 32.Bf7+ Kxf7 33.Qxf5+ Nf6 
34.Ng5+ Kg8 35.Qe6+ Kg7 36.Qf7+ Kh8 37.Qe6 Kg7 38.Qf7+ Kh8 39.d7 h2+ 40.
Kh1 h6 41.Ne6 Qxd7 42.Qxf6+ Kg8 43.Qg6+ Kh8 44.Qxh6+ Kg8 45.Qg6+ Kh8 46.
Qf6+ Kg8 47.Kxh2 b5 48.Qg6+ Kh8 49.Qh6+ Kg8 50.Qg6+ Kh8 51.Qf6+ Kg8 52.
axb5 axb5 53.Qg6+ Kh8 54.Qf6+ Kg8 55.Qg5+ Kf7 56.Nxc5 Qd4 57.Qf5+ Ke7 58.
Qe6+ Kd8 59.Qb6+ Ke7 60.Qxb5 Qf2+ 61.Kh1 Qg3 62.Qd7+ Kf8 63.Ne6+ Kg8 64.
Qe8+ Kh7 65.Qh5+ 1-0

[Event "9th Sigeman & Co"]
[Site "Malmo SWE"]
[Date "2001.06.13"]
[Round "2"]
[White "Timman, Jan"]
[Black "Sokolov, Ivan"]
[Result "1/2-1/2"]
[WhiteElo "2620"]
[BlackElo "2659"]
[EventDate "2001.06.12"]
[PlyCount "68"]

1.d4 Nf6 2.c4 c6 3.Nc3 d5 4.e3 a6 5.Bd2 e6 6.c5 Nbd7 7.Nf3 Be7 8.Rc1 Ne4 
9.Bd3 f5 10.Na4 Nxd2 11.Nxd2 O-O 12.f4 g5 13.Nf3 g4 14.Ne5 Nxe5 15.fxe5 
Bg5 16.Nb6 Rb8 17.Qe2 Bd7 18.h3 gxh3 19.Rxh3 Be8 20.Kf1 Qe7 21.Kg1 Bg6 22.
Rf1 Rf7 23.b4 Rbf8 24.a4 h5 25.b5 axb5 26.axb5 h4 27.Ra1 Rh7 28.Qd1 Qg7 
29.bxc6 bxc6 30.Qa4 Qh6 31.Re1 Rc7 32.Na8 Rcc8 33.Nb6 Rc7 34.Na8 Rcc8 
1/2-1/2

[Event "9th Sigeman & Co"]
[Site "Malmo SWE"]
[Date "2001.06.14"]
[Round "3"]
[White "Hansen, Curt"]
[Black "Timman, Jan"]
[Result "1/2-1/2"]
[WhiteElo "2619"]
[BlackElo "2620"]
[EventDate "2001.06.12"]
[PlyCount "47"]

1.d4 Nf6 2.c4 e6 3.Nf3 b6 4.g3 Ba6 5.b3 Bb4+ 6.Bd2 Be7 7.Bg2 c6 8.Bc3 d5 
9.Nbd2 Nbd7 10.O-O O-O 11.Re1 c5 12.e4 dxe4 13.Nxe4 Nxe4 14.Rxe4 Bb7 15.
Re3 Bf6 16.dxc5 Nxc5 17.b4 Bxc3 18.Rxc3 Qf6 19.Qd4 Ne4 20.Qxf6 gxf6 21.Rd3
Rfc8 22.Nd2 f5 23.Re1 Rab8 24.Nxe4 1/2-1/2

[Event "9th Sigeman & Co"]
[Site "Malmo SWE"]
[Date "2001.06.14"]
[Round "3"]
[White "Wedberg, Tom"]
[Black "Berg, Emanuel"]
[Result "1-0"]
[WhiteElo "2505"]
[BlackElo "2474"]
[EventDate "2001.06.12"]
[PlyCount "99"]

1.e4 e6 2.d4 d5 3.Nc3 Bb4 4.e5 c5 5.a3 Bxc3+ 6.bxc3 Qc7 7.Qg4 f5 8.Qh5+ 
Qf7 9.Qxf7+ Kxf7 10.Nf3 cxd4 11.cxd4 Bd7 12.h4 h6 13.h5 Ne7 14.Bd3 Ba4 15.
Bd2 Rc8 16.c3 Nbc6 17.Ke2 Bb3 18.Rab1 Na5 19.Nh4 Bc4 20.f3 Rc7 21.g4 fxg4 
22.fxg4 Rac8 23.Rh3 Bxd3+ 24.Rxd3 Nc4 25.Rf1+ Kg8 26.Bc1 Nb6 27.Bd2 Na4 
28.Ng6 Nxg6 29.hxg6 Rf8 30.Rh1 Rfc8 31.Rf1 Rf8 32.Rh1 Rfc8 33.Rhh3 Nb2 34.
Rdg3 Nc4 35.g5 Nxd2 36.Kxd2 Rf8 37.gxh6 gxh6 38.Rxh6 Rf2+ 39.Kc1 Rf1+ 40.
Kd2 Rf2+ 41.Kd3 Ra2 42.g7 Rxc3+ 43.Kxc3 Rxa3+ 44.Kb4 Rxg3 45.Rxe6 a5+ 46.
Kc5 a4 47.Re8+ Kxg7 48.Re7+ Kf8 49.Rxb7 a3 50.Ra7 1-0

[Event "9th Sigeman & Co"]
[Site "Malmo SWE"]
[Date "2001.06.15"]
[Round "4"]
[White "Gulko, Boris"]
[Black "Cramling, Pia"]
[Result "1/2-1/2"]
[WhiteElo "2606"]
[BlackElo "2496"]
[EventDate "2001.06.12"]
[PlyCount "43"]

1.c4 e5 2.Nc3 Nf6 3.Nf3 Nc6 4.g3 Bc5 5.d3 d6 6.Bg2 O-O 7.O-O a6 8.a3 Nd4 
9.Ne1 c6 10.e3 Nf5 11.Nf3 Ba7 12.b4 Re8 13.Bb2 d5 14.e4 dxe4 15.Nxe4 Nd4 
16.Nxd4 Bxd4 17.Bxd4 Qxd4 18.Nxf6+ gxf6 19.Re1 Bg4 20.Bf3 f5 21.Bxg4 Qxg4 
22.Re3 1/2-1/2

[Event "9th Sigeman & Co"]
[Site "Malmo SWE"]
[Date "2001.06.15"]
[Round "4"]
[White "Hector, Jonny"]
[Black "Wedberg, Tom"]
[Result "0-1"]
[WhiteElo "2546"]
[BlackElo "2505"]
[EventDate "2001.06.12"]
[PlyCount "112"]

1.e4 e5 2.Nf3 Nc6 3.d4 exd4 4.Nxd4 Nf6 5.Nxc6 bxc6 6.e5 Qe7 7.Qe2 Nd5 8.c4
Nb6 9.Nd2 a5 10.g3 Qe6 11.b3 a4 12.Bb2 Bb4 13.Bg2 a3 14.Bd4 c5 15.Be3 Qxe5
16.O-O d5 17.cxd5 Ba6 18.Nc4 Nxc4 19.bxc4 O-O 20.Rab1 Rfe8 21.Rb3 Qd6 22.
Rc1 Bc8 23.Qd3 Bg4 24.h3 Bh5 25.f4 f6 26.g4 Bf7 27.Rf1 c6 28.Bf2 Rad8 29.
Rd1 cxd5 30.cxd5 Qxf4 31.Bg3 Qg5 32.Bc7 Rd7 33.Qg3 Qg6 34.d6 Qc2 35.Rbb1 
Bxa2 36.Rbc1 Qa4 37.Qd3 Bf7 38.Be4 g6 39.Qf3 Rxe4 40.Qxe4 a2 41.Qf3 Qa3 
42.Kg2 Qxf3+ 43.Kxf3 Bb3 44.Rf1 c4 45.Ke4 Bxd6 46.Bxd6 Rxd6 47.h4 Kf7 48.
g5 f5+ 49.Ke5 Rd2 50.Rf4 Rb2 51.Rff1 Rh2 52.Kd6 Rxh4 53.Rh1 Rxh1 54.Rxh1 
Kg7 55.Kd7 Bc2 56.Kd8 h6 0-1

[Event "9th Sigeman & Co"]
[Site "Malmo SWE"]
[Date "2001.06.16"]
[Round "5"]
[White "Cramling, Pia"]
[Black "Berg, Emanuel"]
[Result "1-0"]
[WhiteElo "2496"]
[BlackElo "2474"]
[EventDate "2001.06.12"]
[PlyCount "53"]

1.d4 f5 2.g3 Nf6 3.Bg2 g6 4.b3 Bg7 5.Bb2 O-O 6.Nf3 d6 7.O-O Qe8 8.c4 Na6 
9.Nbd2 Rb8 10.Qc2 b5 11.a3 c5 12.dxc5 Nxc5 13.cxb5 Qxb5 14.Nd4 Qe8 15.b4 
Ne6 16.Qb3 Qf7 17.Nc6 Rb7 18.Rac1 Rc7 19.Rc2 Ne8 20.Bd5 Bxb2 21.Qxb2 Nf6 
22.Bb3 Kg7 23.Rfc1 Qe8 24.Bxe6 Bxe6 25.Nd4 Rxc2 26.Nxe6+ Kf7 27.Ng5+ 1-0

[Event "9th Sigeman & Co"]
[Site "Malmo SWE"]
[Date "2001.06.16"]
[Round "5"]
[White "Hansen, Curt"]
[Black "Gulko, Boris"]
[Result "1-0"]
[WhiteElo "2619"]
[BlackElo "2606"]
[EventDate "2001.06.12"]
[PlyCount "101"]

1.Nf3 c5 2.c4 Nc6 3.e3 e6 4.Nc3 Nf6 5.d4 d5 6.cxd5 exd5 7.dxc5 Bxc5 8.Bb5 
O-O 9.O-O Bd7 10.b3 Bg4 11.Bb2 Rc8 12.Rc1 Bd6 13.h3 Be6 14.Ne2 a6 15.Bxc6 
bxc6 16.Qd3 Ne4 17.Nc3 Bf5 18.Rfd1 Nxc3 19.Qxc3 f6 20.Nd4 Bd7 21.Qd3 Qe8 
22.Nf5 Qe6 23.Nxd6 Qxd6 24.Rc4 Rfd8 25.Ra4 c5 26.Rxa6 Bc6 27.Rc1 Ra8 28.
Ba3 d4 29.Qc4+ Qd5 30.Rxc6 Qxc4 31.Rxc4 d3 32.Bc1 Rxa2 33.R6xc5 d2 34.Bxd2
Rdxd2 35.Rc8+ Kf7 36.R8c7+ Ke6 37.Re4+ Kd6 38.Rxg7 Rxf2 39.Rf4 Rxf4 40.
exf4 h5 41.Rb7 Kd5 42.Rb5+ Ke4 43.Rxh5 f5 44.Rh8 Rb2 45.Rb8 Kxf4 46.Kh2 
Ke3 47.h4 f4 48.Kh3 f3 49.Re8+ Kd4 50.gxf3 Rxb3 51.Kg4 1-0

[Event "9th Sigeman & Co"]
[Site "Malmo SWE"]
[Date "2001.06.16"]
[Round "5"]
[White "Wedberg, Tom"]
[Black "Timman, Jan"]
[Result "1-0"]
[WhiteElo "2505"]
[BlackElo "2620"]
[EventDate "2001.06.12"]
[PlyCount "85"]

1.e4 e5 2.Nf3 Nc6 3.Bb5 a6 4.Ba4 Nf6 5.O-O Bc5 6.c3 b5 7.Bc2 d6 8.d4 Bb6 
9.h3 Bb7 10.a3 O-O 11.Be3 Nd7 12.Nbd2 Ne7 13.b4 d5 14.Re1 dxe4 15.Nxe4 Nd5
16.Bg5 f6 17.Bh4 Re8 18.dxe5 Kh8 19.exf6 N7xf6 20.Nxf6 Nxf6 21.Ne5 Qd5 22.
Qxd5 Bxd5 23.Rad1 c6 24.Bxf6 gxf6 25.Nd7 Rxe1+ 26.Rxe1 Bd8 27.Be4 Rc8 28.
Nc5 Bf7 29.Rd1 Be8 30.Bf5 Ra8 31.Re1 Bb6 32.Re7 Bxc5 33.bxc5 h5 34.Bd7 
Bxd7 35.Rxd7 Re8 36.Rd6 Re1+ 37.Kh2 Kg7 38.Rxc6 Rc1 39.Rxa6 Rxc3 40.c6 Kg6
41.g3 h4 42.g4 f5 43.c7+ 1-0

[Event "9th Sigeman & Co"]
[Site "Malmo SWE"]
[Date "2001.06.17"]
[Round "6"]
[White "Gulko, Boris"]
[Black "Berg, Emanuel"]
[Result "1-0"]
[WhiteElo "2606"]
[BlackElo "2474"]
[EventDate "2001.06.12"]
[PlyCount "110"]

1.Nf3 Nf6 2.c4 e6 3.Nc3 d5 4.d4 Be7 5.Bg5 O-O 6.e3 Nbd7 7.Rc1 Re8 8.Bd3 c6
9.O-O b6 10.cxd5 exd5 11.Qe2 a5 12.Bf4 Bb7 13.h3 Nf8 14.Qc2 g6 15.Rfd1 Bd6
16.Bg5 Ne6 17.Bh4 Be7 18.Ne5 Nd7 19.Bg3 Nxe5 20.Bxe5 Nf8 21.e4 dxe4 22.
Bxe4 Rc8 23.Qb3 Nd7 24.Bg3 Bg5 25.Rc2 Re6 26.d5 cxd5 27.Bxd5 Bxd5 28.Nxd5 
Nc5 29.Qb5 Bf6 30.Rcc1 Bg5 31.Nc7 Qe7 32.Nxe6 Bxc1 33.Nc7 Ne4 34.Re1 Bd2 
35.Nd5 Qc5 36.Qxc5 Nxc5 37.Re2 Bg5 38.h4 Rd8 39.hxg5 Rxd5 40.Re8+ Kg7 41.
Be5+ f6 42.Bxf6+ Kf7 43.Re7+ Kf8 44.Rxh7 Ne4 45.Rb7 b5 46.f4 b4 47.Be5 Rd2
48.Kh2 Nf2 49.Kg3 Nd1 50.f5 Rd5 51.Kf4 Nf2 52.Rb8+ Kf7 53.fxg6+ Kxg6 54.
Rb6+ Kf7 55.g6+ Ke7 1-0

[Event "9th Sigeman & Co"]
[Site "Malmo SWE"]
[Date "2001.06.17"]
[Round "6"]
[White "Sokolov, Ivan"]
[Black "Wedberg, Tom"]
[Result "0-1"]
[WhiteElo "2659"]
[BlackElo "2505"]
[EventDate "2001.06.12"]
[PlyCount "76"]

1.d4 Nf6 2.c4 e6 3.Nf3 c5 4.d5 d6 5.Nc3 exd5 6.cxd5 g6 7.h3 Bg7 8.e4 O-O 
9.Bd3 Nh5 10.O-O Nd7 11.Bg5 Bf6 12.Be3 Re8 13.Nd2 Bd4 14.Re1 Bxe3 15.Rxe3 
Ne5 16.Bf1 Nf4 17.Nf3 a6 18.a4 h6 19.a5 Rb8 20.Kh2 g5 21.Nxe5 Rxe5 22.g3 
Ng6 23.Bg2 b6 24.Qd2 bxa5 25.f4 Re8 26.Rf1 Rb4 27.Qf2 Qe7 28.fxg5 hxg5 29.
e5 Nxe5 30.Rxe5 dxe5 31.d6 Qf8 32.Bd5 Re6 33.Qd2 Qxd6 34.Qxg5+ Kf8 35.Rf2 
Rg6 36.Rxf7+ Ke8 37.Qd2 e4 38.Rf4 Be6 0-1

[Event "9th Sigeman & Co"]
[Site "Malmo SWE"]
[Date "2001.06.18"]
[Round "7"]
[White "Cramling, Pia"]
[Black "Timman, Jan"]
[Result "1/2-1/2"]
[WhiteElo "2496"]
[BlackElo "2620"]
[EventDate "2001.06.12"]
[PlyCount "66"]

1.d4 d5 2.Nf3 Nf6 3.c4 c6 4.e3 g6 5.Nc3 Bg7 6.Bd3 O-O 7.h3 Be6 8.Qe2 Nbd7 
9.cxd5 cxd5 10.O-O Bf5 11.Bd2 Nb6 12.b3 Ne4 13.Rfc1 Qd7 14.Be1 a6 15.Rc2 
Rac8 16.Rac1 Rc6 17.Nb1 Rfc8 18.Bb4 Nd6 19.Rxc6 Rxc6 20.Rxc6 Qxc6 21.Bxf5 
Nxf5 22.Qd2 Nd6 23.Qc3 Qxc3 24.Nxc3 Ne4 25.Ba5 Nxc3 26.Bxc3 Nd7 27.Kf1 f6 
28.Ne1 Kf7 29.Nd3 e5 30.f3 Ke6 31.Ke2 Bh6 32.e4 exd4 33.Bxd4 dxe4 1/2-1/2

[Event "9th Sigeman & Co"]
[Site "Malmo SWE"]
[Date "2001.06.18"]
[Round "7"]
[White "Wedberg, Tom"]
[Black "Hansen, Curt"]
[Result "1/2-1/2"]
[WhiteElo "2505"]
[BlackElo "2619"]
[EventDate "2001.06.12"]
[PlyCount "72"]

1.e4 c5 2.Nf3 d6 3.d4 cxd4 4.Qxd4 a6 5.Bc4 Nc6 6.Qd3 g6 7.Bg5 Bg7 8.Nc3 
Nf6 9.O-O O-O 10.h3 b5 11.Bb3 Nd7 12.Rab1 Nc5 13.Qe3 Bb7 14.Bh6 e6 15.Rbd1
Qe7 16.Bxg7 Kxg7 17.Ne2 Rfd8 18.Ng3 a5 19.c3 b4 20.Bc2 bxc3 21.Qxc3+ Qf6 
22.Qxf6+ Kxf6 23.Rd2 Ke7 24.Nd4 Nb4 25.Bb1 e5 26.Nc2 Nxc2 27.Bxc2 a4 28.f3
Rab8 29.Rc1 Ba6 30.Bd1 Rb4 31.Be2 Bc8 32.Bc4 Be6 33.Bxe6 fxe6 34.Nf1 Rdb8 
35.Rcc2 Rd4 36.Ng3 Rbb4 1/2-1/2

[Event "9th Sigeman & Co"]
[Site "Malmo SWE"]
[Date "2001.06.19"]
[Round "8"]
[White "Gulko, Boris"]
[Black "Hector, Jonny"]
[Result "1/2-1/2"]
[WhiteElo "2606"]
[BlackElo "2546"]
[EventDate "2001.06.12"]
[PlyCount "104"]

1.c4 Nf6 2.Nc3 e5 3.Nf3 Nc6 4.g3 Nd4 5.Bg2 Nxf3+ 6.Bxf3 Bb4 7.O-O O-O 8.d3
c6 9.Bg2 Re8 10.e4 Bc5 11.Kh1 d6 12.h3 a6 13.f4 b5 14.f5 b4 15.Ne2 d5 16.
Bg5 h6 17.Bxf6 Qxf6 18.exd5 Bb7 19.g4 cxd5 20.cxd5 Red8 21.Ng3 Bxd5 22.
Bxd5 Rxd5 23.Qf3 Rad8 24.Rad1 R8d7 25.Qe2 Qd8 26.Rf3 Bf8 27.Ne4 Rc7 28.f6 
g6 29.Rf2 Qc8 30.Qe3 Rdd7 31.Rfd2 Rc1 32.Rxc1 Qxc1+ 33.Qg1 Qc6 34.Qe3 Kh7 
35.Kg2 a5 36.b3 a4 37.bxa4 Qxa4 38.Qb6 Qa8 39.Qb5 Rd5 40.Qc4 Kg8 41.Kf1 
Rd4 42.Qb5 Qd8 43.Ke2 Rd5 44.Qc6 Ra5 45.Rc2 Ra3 46.Qc4 Qd7 47.Rd2 Qa7 48.
Rc2 Qg1 49.Qc8 Qg2+ 50.Ke1 Qg1+ 51.Ke2 Qg2+ 52.Ke1 Qg1+ 1/2-1/2

[Event "9th Sigeman & Co"]
[Site "Malmo SWE"]
[Date "2001.06.20"]
[Round "9"]
[White "Cramling, Pia"]
[Black "Hansen, Curt"]
[Result "1/2-1/2"]
[WhiteElo "2496"]
[BlackElo "2619"]
[EventDate "2001.06.12"]
[PlyCount "42"]

1.d4 Nf6 2.c4 e6 3.Nf3 b6 4.g3 Ba6 5.Nbd2 Bb4 6.Qa4 c5 7.a3 Bxd2+ 8.Bxd2 
cxd4 9.Bg2 Bb7 10.O-O O-O 11.Nxd4 Bxg2 12.Kxg2 Qc7 13.f3 a6 14.Rac1 Rc8 
15.Be3 d6 16.Rc3 Nbd7 17.Rfc1 h6 18.Bf2 Qb7 19.Qd1 Ne5 20.h3 Rc7 21.Qd2 
Rd8 1/2-1/2

[Event "9th Sigeman & Co"]
[Site "Malmo SWE"]
[Date "2001.06.20"]
[Round "9"]
[White "Wedberg, Tom"]
[Black "Gulko, Boris"]
[Result "0-1"]
[WhiteElo "2505"]
[BlackElo "2606"]
[EventDate "2001.06.12"]
[PlyCount "160"]

1.e4 c5 2.Nf3 Nc6 3.d4 cxd4 4.Nxd4 Nf6 5.Nc3 d6 6.Bc4 Qb6 7.Nb3 e6 8.O-O 
Be7 9.Bg5 Bd7 10.Kh1 Rc8 11.Bxf6 Bxf6 12.Nb5 O-O 13.Be2 d5 14.exd5 exd5 
15.Qxd5 Be6 16.Qe4 Bxb2 17.Rab1 Bf6 18.c4 Ne7 19.c5 Qc6 20.Nd6 b6 21.Qf4 
Ng6 22.Qc1 Bd5 23.f3 Rcd8 24.Bb5 Qc7 25.Ne4 Be5 26.cxb6 axb6 27.Qxc7 Bxc7 
28.a4 Ne5 29.Rfc1 Bb8 30.Nbd2 f5 31.Nc3 Be6 32.Nf1 Rd6 33.Re1 Rc8 34.Rxe5 
Rxc3 35.Rbe1 Kf7 36.Ng3 Rc5 37.R5e2 g6 38.Kg1 Bc7 39.Nh1 Kf6 40.Nf2 Bf7 
41.f4 Rd4 42.g3 Bd6 43.Rb1 Rc3 44.Nd1 Rb3 45.Rc1 Ba3 46.Ra1 Bc5 47.Kf1 Bd5
48.Nf2 Rxb5 49.axb5 Bc4 50.Ra2 Bxb5 51.Kg2 Bxe2 52.Rxe2 b5 53.Rb2 b4 54.
Kf3 Ke6 55.Ke2 Kd5 56.Nd3 Bd6 57.Rc2 Re4+ 58.Kd1 Rd4 59.Ke2 Re4+ 60.Kd1 
Re7 61.Rc8 Kd4 62.Nb2 Rc7 63.Rd8 Rc6 64.Rd7 h5 65.Rg7 Bc7 66.Rd7+ Ke4 67.
Re7+ Kf3 68.Kd2 Kg2 69.Nd3 Kxh2 70.Ke2 Kxg3 71.Nxb4 Rc4 72.Nd5 Bxf4 73.Rg7
g5 74.Ne7 Kg4 75.Ng8 Re4+ 76.Kd3 Re6 77.Rh7 Be5 78.Nh6+ Kf4 79.Nxf5 Kxf5 
80.Rxh5 Bf4 0-1